000
00261nam a22001097a 4500
005
20241017173658.0
008
241017b |||||||| |||| 00| 0 eng d
100
_a
MAHAJAN, V.D.
_d
2012
245
_a
JURISPRUDENCE AND LEGAL THEORY
300
_a
XXI
942
_2
lcc
_c
BK
_n
0
999
_c
46
_d
46